[Event "Foxwoods op"]
[Site "Ledyard"]
[Date "2009.04.09"]
[Round "2"]
[White "Vigorito, David"]
[Black "Pozarek, Steven J"]
[Result "1-0"]
[WhiteElo "2384"]
[BlackElo "2139"]
[PlyCount "79"]
[EventDate "2009.04.08"]
[EventType "swiss"]
[EventRounds "9"]
[EventCountry "USA"]
[SourceTitle "CBM 129 Extra"]
[Source "ChessBase"]
[SourceDate "2009.05.05"]
[SourceVersion "2"]
[SourceVersionDate "2009.05.20"]
[SourceQuality "1"]

1. d4 Nf6 2. c4 e6 3. Nc3 Bb4 4. Qc2 0-0 5. a3 Bxc3+ 6. Qxc3 d6 7. Bg5 Nbd7 8. e3 Qe7 9. Bd3 e5 10. Ne2 Re8 11. 0-0 h6 12. Bh4 Nf8 13. h3 e4 14. Bc2 Bf5 15. Qd2 g5 16. Bg3 Ng6 17. Nc3 Qd7 18. f3 Nh4 19. Bxh4 gxh4 20. fxe4 Nxe4 21. Bxe4 Bxe4 22. Rf4 Bg6 23. Nd5 Re6 24. Nf6+ Rxf6 25. Rxf6 Re8 26. Qf2 Re4 27. Rf4 Qe7 28. Re1 Kg7 29. Qf3 c6 30. Rxe4 Bxe4 31. Qg4+ Bg6 32. Qf4 Be4 33. b4 f5 34. Kh2 Kh7 35. Rg1 d5 36. c5 Qf6 37. Qc7+ Kg6 38. g3 Kh5 39. gxh4 Kxh4 40. Qg7 1-0

[Event "World op 24th"]
[Site "Philadelphia"]
[Date "1996.??.??"]
[Round "?"]
[White "Pozarek, Steven J"]
[Black "Wolff, Patrick G"]
[Result "0-1"]
[WhiteElo "2180"]
[BlackElo "2565"]
[PlyCount "77"]
[EventDate "1996.06.29"]
[EventType "swiss"]
[EventRounds "9"]
[EventCountry "USA"]
[SourceTitle "EXT 2001"]
[Source "ChessBase"]
[SourceDate "2000.11.22"]
[SourceVersion "1"]
[SourceVersionDate "2000.11.22"]
[SourceQuality "1"]

1. c4 e5 2. Nc3 Nf6 3. g3 Bb4 4. Bg2 0-0 5. Nf3 Re8 6. 0-0 h6 7. Qc2 Nc6 8. Nd5 Bc5 9. d3 d6 10. a3 a6 11. b4 Ba7 12. Bb2 Be6 13. b5 Bxd5 14. cxd5 Nd4 15. Nxd4 Bxd4 16. a4 Bc5 17. Qb3 axb5 18. axb5 Qd7 19. e3 Qf5 20. Qc4 Bb6 21. h3 Nd7 22. Kh2 Rxa1 23. Bxa1 Qg6 24. e4 Qh5 25. Qc2 Nf6 26. Qd2 Ra8 27. d4 Ra4 28. dxe5 Ng4+ 29. Kh1 Nxf2+ 30. Kh2 Ng4+ 31. Kh1 Ne3 32. Re1 Nxg2 33. Qxg2 dxe5 34. Bc3 Ra3 35. Rc1 Be3 36. Rc2 Qd1+ 37. Kh2 Bg1+ 38. Kh1 Bd4+ 39. Kh2 0-1

[Event "World op 23rd"]
[Site "Philadelphia"]
[Date "1995.??.??"]
[Round "2"]
[White "Mirabile, Tim"]
[Black "Pozarek, Steven J"]
[Result "0-1"]
[WhiteElo "2235"]
[BlackElo "2165"]
[PlyCount "74"]
[EventDate "1995.06.??"]
[EventType "swiss"]
[EventRounds "9"]
[EventCountry "USA"]
[SourceTitle "EXT 2000"]
[Source "ChessBase"]
[SourceDate "1999.11.16"]
[SourceVersion "1"]
[SourceVersionDate "1999.11.16"]
[SourceQuality "1"]

1. e4 e5 2. Nf3 Nc6 3. Bb5 a6 4. Ba4 Nf6 5. 0-0 Be7 6. Re1 b5 7. Bb3 d6 8. c3 0-0 9. h3 Na5 10. Bc2 c5 11. d4 Qc7 12. Nbd2 cxd4 13. cxd4 Bb7 14. Nf1 Rac8 15. Bb1 exd4 16. Nxd4 Rfe8 17. Ng3 Nc4 18. b3 Ne5 19. Bb2 Bf8 20. Qd2 Ned7 21. Bc2 d5 22. Rac1 Qb6 23. Ndf5 dxe4 24. Qg5 Kh8 25. Bd4 Qd8 26. Red1 Re6 27. b4 Bd5 28. Nh5 Nxh5 29. Qxh5 Ne5 30. Bxe5 Rxe5 31. Qg4 Qe8 32. Ne3 Be6 33. Qf4 Bxa2 34. Ng4 Re6 35. f3 exf3 36. Qxf3 g6 37. Qa3 Bc4 0-1

[Event "World op 21st"]
[Site "Philadelphia"]
[Date "1993.??.??"]
[Round "?"]
[White "Belakovskaia, Anjelina"]
[Black "Pozarek, Steven J"]
[Result "1/2-1/2"]
[WhiteElo "2290"]
[BlackElo "2185"]
[PlyCount "81"]
[EventDate "1993.??.??"]
[EventType "swiss"]
[EventRounds "9"]
[EventCountry "USA"]
[SourceTitle "EXT 1999"]
[Source "ChessBase"]
[SourceDate "1998.11.16"]
[SourceVersion "1"]
[SourceVersionDate "1998.11.16"]
[SourceQuality "1"]

1. d4 d5 2. c4 c6 3. Nc3 e6 4. e3 Nf6 5. Qc2 Nbd7 6. Nf3 Bd6 7. Be2 0-0 8. 0-0 Qe7 9. e4 dxe4 10. Nxe4 Nxe4 11. Qxe4 e5 12. dxe5 Nxe5 13. Ng5 Ng6 14. Qxe7 Bxe7 15. Bd3 h6 16. Nf3 Bf6 17. Rb1 Be6 18. Re1 Rfe8 19. b3 Rad8 20. Bc2 b6 21. Be3 c5 22. Rbd1 Ne7 23. Kf1 Nf5 24. Rxd8 Nxe3+ 25. fxe3 Rxd8 26. Ke2 Kf8 27. Rd1 Rxd1 28. Kxd1 g5 29. h3 Bg7 30. g4 Ke7 31. Ke2 Bd7 32. Nd2 Bb2 33. Kf3 f6 34. Bg6 Bc6+ 35. Be4 Be8 36. Bd5 h5 37. Be4 Bc1 38. Nb1 hxg4+ 39. hxg4 Bb2 40. Nd2 Bd7 41. Nf1 1/2-1/2

[Event "World op 20th"]
[Site "Philadelphia"]
[Date "1992.??.??"]
[Round "?"]
[White "Pozarek, Steven J"]
[Black "Fang, Joseph"]
[Result "0-1"]
[WhiteElo "2205"]
[BlackElo "2335"]
[PlyCount "92"]
[EventDate "1992.06.??"]
[EventType "swiss"]
[EventRounds "9"]
[EventCountry "USA"]
[SourceTitle "TD"]
[Source "ChessBase"]
[SourceDate "1994.03.01"]
[SourceVersion "1"]
[SourceVersionDate "1994.03.01"]
[SourceQuality "1"]

1. e4 c5 2. Nc3 Nc6 3. f4 e6 4. Nf3 Nge7 5. g3 d5 6. d3 g6 7. Bg2 Bg7 8. 0-0 0-0 9. Bd2 Rb8 10. a4 a6 11. Qc1 b5 12. axb5 axb5 13. Nh4 Nd4 14. Re1 b4 15. Ne2 dxe4 16. dxe4 b3 17. Nxd4 Qxd4+ 18. Be3 Qxb2 19. Rb1 Qxc1 20. Rexc1 b2 21. Rd1 c4 22. e5 g5 23. Bc5 Re8 24. Bd6 Rb6 25. Bxe7 Rxe7 26. Rd8+ Bf8 27. Rxc8 Ra7 28. c3 gxh4 29. Rxc4 Ra1 30. Be4 Rba6 31. Kg2 Rxb1 32. Bxb1 Ra1 33. Be4 hxg3 34. hxg3 b1Q 35. Bxb1 Rxb1 36. g4 Rb2+ 37. Kf3 Rb5 38. Ra4 Rb3 39. Rc4 Rb5 40. Ra4 Rc5 41. c4 Rc7 42. Ke4 Bc5 43. f5 Ra7 44. Rxa7 Bxa7 45. Kf4 Kg7 46. g5 Kf8 0-1